Представление документа в формате RUSMARC

ПолеНазваниеЗначение
  Тип записи i
  Библиографический уровень m
001 Контрольный номер RU/ГПНТБ России/KNIGADB/84(4Вел)/У 98-821784908
005 Дата корректировки 20211217162022.1
010 Индекс ISBN __
a ISBN 978-5-9677-2655-2
b Уточнения в кор.
d Цена 181-00
100 Данные общей обработки __
a Данные общей обработки 20201215d2017####da y0rusy0289 ca
101 Язык документа 1_
a Язык текста rus
c Язык оригинала eng
102 Страна публикации __
a Страна публикации RU
105 Кодированные данные (монография) __
a Кодированные данные (монография)
106 Кодированные данные (форма документа) __
a Кодированные данные для формы документа (Обозначение носителя) s
125 Кодированные данные звукозаписи и нотных изданий __
b Определитель литературного текста c
126 Кодированные данные (звукозаписи-физические характеристики) __
a Кодированные данные звукозаписи (общие) agbхhхх cd
b Кодированные данные звукозаписи (уточнения) xxx
127 Кодированные данные (звукозаписи-физические характеристики) __
a Продолжительность проигрывания 0515##
135 Кодированные данные (электронные ресурсы) __
a Кодированные данные (электронные ресурсы) hongannnauuuu
139 Кодированные данные (электронные ресурсы) __
a Кодированные данные (электронные ресурсы) сaz
181 Поле кодированных данных: вид содержания _0
a Код вида содержания (ISBD) h
182 Поле кодированных данных: тип средства _0
a Код типа средства (ISBD) a
200 Заглавие и сведения об ответственности 1_
a Заглавие Чудесное посещение
e Сведения, относящиеся к заглавию [роман : аудиокнига]
f Первые сведения об ответственности Герберт Уэллс ; исполнитель Максим Суслов ; музыка: Вячеслав Тупиченко
203 Вид содержания и тип средства __
a Вид содержания Устная речь
c Тип средства аудио
210 Выходные данные 1_
a Место издания Москва
c Издательство 1С-Паблишинг
d Дата издания 2017
215 Физическое описание __
a Объем 1 электрон. опт. диск (CD-ROM) (5 ч. 15 мин.)
d Формат 12 см
c Иллюстрации/тип воспроизводства зв.
225 Серия 2_
a Серия Зарубежная классика
300 Общие примечания __
a Общие примечания Заглавие с этикетки диска
300 Общие примечания __
a Общие примечания Данные в формате MP3
330 Аннотация __
a Аннотация Сатирический роман "Чудесное посещение" (1895) - история ангела, который спустился на землю. Прямиком в Сиддерфорд, городок в Англии. Ангелу неведомы человеческие страсти и пороки, ничего не знает он о бедах и страхах людей - о голоде, болезнях, смерти. Но постепенно он сам обретает те особенности людской природы, которые поначалу были ему чужды. Что из этого выйдет, станет ли ангел человеком, вы узнаете, прослушав аудиоверсию романа.
333 Примечание о целевом назначении __
a Примечание о целевом назначении 12+. Для детей старше 12 лет
337 Примечание о системных требованиях (электронные ресурсы) __
a Примечание о системных требованиях (электронные ресурсы) Системные требования: MS Windows 95/98/2000/XP/Vista/7/8/10 ; Pentium 100 ; ОЗУ 16 Мб ; монитор SVGA 800Х600 ; устройство чтения CD/DVD-ROM ; колонки или наушники ; мышь (Аудиосистемы с поддержкой формата MP3)
606 Тематические рубрики __
a Основная рубрика Художественная литература
606 Тематические рубрики __
a Основная рубрика Литература Европы (произведения)
y Географическая подрубрика Англия
610 Ключевые слова 1_
a Ключевые слова английская литература
610 Ключевые слова 0_
a Ключевые слова английская классика
610 Ключевые слова 0_
a Ключевые слова романы
610 Ключевые слова 0_
a Ключевые слова сатирические романы
610 Ключевые слова 0_
a Ключевые слова тема ангелов
610 Ключевые слова 0_
a Ключевые слова тема чудес
610 Ключевые слова 0_
a Ключевые слова фантастика
610 Ключевые слова 0_
a Ключевые слова фантастические романы
610 Ключевые слова 0_
a Ключевые слова зарубежная фантастика
610 Ключевые слова 0_
a Ключевые слова классическая литература
686 Индексы других классификаций __
2 Код системы rubbks
a Классификационный индекс 84(4Вел)6-445я04; ст84(4Вел)-445я0
700 Автор _1
a Фамилия Уэллс
b Имя Г. Д.
g Полное личное имя Герберт Джордж
f Даты 1866-1946
4 Код отношения 070
702 Вторичная интеллектуальная ответственность _1
a Фамилия Суслов
b Имя М.
g Полное личное имя Максим
4 Код отношения 590
702 Вторичная интеллектуальная ответственность _1
a Фамилия Тупиченко
b Имя Вячеслав
g Полное личное имя В.
4 Код отношения 230
801 Источник записи _0
b Организация ГПНТБ России
a Страна RU
c Дата составления 20201215
g Правила каталогизации PSBO
801 Источник записи _1
b Организация ГПНТБ России
a Страна RU
c Дата составления 20201215
g Правила каталогизации PSBO
852 Данные о местонахождении 5_
i Авторский знак У 98
j Шифр хранения 84(4Вел)6-445
900 Макрообъекты __
a Макрообъекты Чудесное посещение, Г. Уэллс, 2017 г. (эл. ресурс)
901 Тип документа __
a Ответственный ООФиК/Волкова
t Тип документа 0
903 Характеристики (МАРС) __
a Дата передачи 20210204
c Наименование библиотеки (МАРС) Муниципальное бюджетное учреждение культуры "Централизованная библиотечная система" г. Сургут (Центральная городская библиотека им. А. С. Пушкина)
969 Тип издания __
a Тип издания издание для слепых
a Тип издания аудиокнига
990 Данные о заказе (DOS) __
j Количество экземпляров (DOS) 3
t N записи в КСУ для И/У (DOS) 202102